000 00388pab a2200145 454500
008 180718b2005 xxu||||| |||| 00| 0 eng d
100 _aSaravanan, P.
245 _aIdentification of research topic and effective literature review: the management domain
260 _c2005
300 _ap.8-10.
362 _a24 Oct
650 _aResearch
773 _aUniversity News
909 _a67621
999 _c67621
_d67621